Introduction to Hp spaces
Salvato in:
| Autore principale: | |
|---|---|
| Natura: | Libro |
| Lingua: | inglese |
| Pubblicazione: |
Cambridge
Cambridge University
1980
|
| Serie: | London Mathematical Society Lecture Note Series, 40
|
| Soggetti: | |
| Tags: |
Aggiungi Tag
Nessun Tag, puoi essere il primo ad aggiungerne!!
|
MARC
| LEADER | 00000nam a2200000 a 4500 | ||
|---|---|---|---|
| 001 | UCP1634 | ||
| 003 | CL-VaPUC | ||
| 008 | 990416e19800000uk |||||||||||||||||eng|d | ||
| 082 | 0 | 4 | |a 515.73 |b KOO |2 21 |
| 100 | 0 | |a Koosis, Paul |e author |9 427797 | |
| 245 | 1 | 0 | |a Introduction to Hp spaces |
| 300 | |a 376 p | ||
| 942 | |c BK | ||
| 945 | |d 19990416 00:00:00 |a crobeson | ||
| 260 | |a Cambridge |b Cambridge University |c 1980 | ||
| 650 | 7 | |a ESPACIOS DE HARDY |2 CL-VaPUC |9 427798 | |
| 650 | 0 | |a Interpolación |9 358854 | |
| 650 | 7 | |a FUNCIONES ARMONICAS |2 CL-VaPUC |9 322166 | |
| 583 | |a last modification |c 20130806 07:16:46 |k Rodrigo Vera | ||
| 490 | 0 | |a London Mathematical Society Lecture Note Series, 40 | |
| 999 | |c 280300 |d 280298 | ||
| 952 | |0 0 |1 0 |4 0 |6 515_730000000000000_KOO_1980 |7 0 |8 A |9 320551 |a BIBMAT |b BIBMAT |d 2019-11-20 |i 1343653 |o 515.73 KOO 1980 |p 1343653 |r 2025-01-07 |w 2019-11-20 |y BK |k MAT | ||